000 00572nam a2200229Ia 4500
003 OSt
005 20220928135100.0
006 a|||||r|||| 00| 0
007 ta
008 220927b |||||||| |||| 00| 0 eng d
024 _a647
037 _cTextual
040 _aSDCL
_cSDCL
_beng
041 _2eng
_aeng
082 _aX:15.73 'N9, N4
100 _aLerner Joel
_9489321
245 0 _aFinancial planning for the utterly confused
250 _a4
260 _c1994
942 _hX:15.73 'N9, N4
_cTEXL
_2CC
999 _c804605
_d804605